On This Day: October 27th Quiz Stats

 Plays Quiz Updated Oct 27, 2017

Score 0/7 Timer 03:00
1 Play Today
Question Answer Wrong Answers
This underground subway system, now among the biggest and oldest in the world, begins operating.
1904
New York City Subway
89.7%
Beijing Subway
1.9%
Berlin U-Bahn
3.3%
Rome Metro
3.7%
The United States annexes the former ______ colony of West Florida.
1810
Spanish
86.9%
Portuguese
4.5%
French
8.1%
Russian
0.4%
The Democratic Republic of the Congo is renamed this (but changed back in 1997).
1971
Republic of Zaire
82.6%
Tanganyika
5.2%
South West Africa
5.5%
Upper Volta
5.2%
This American statesman, author, explorer, soldier, and naturalist, who served as the 26th President of the United States, is born.
1858
Theodore Roosevelt
81.9%
William McKinley
7.3%
William Howard Taft
4.6%
Grover Cleveland
5.2%
Ronald Reagan suspends construction of the new US Embassy in this city due to covert listening devices discovered in the building's structure.
1988
Moscow
65%
Havana
11.2%
Tehran
18.3%
Mexico City
3.3%
After 12 years, this nation withdraws combat troops from Afghanistan, marking the end of Operation Herrick.
2014
United Kingdom
55.9%
France
7.1%
Denmark
9.4%
Russia
25.1%
The British government deregulates its Stock Exchange in an event now referred to as the ______.
1986
Big Bang
27.1%
Stock Smack
4.9%
Financial Flip
18%
London Leap
48.1%

You're not logged in!

Compare scores with friends on all Sporcle quizzes.
OR
Log In

You Might Also Like...

Show Comments

Extras

Top Quizzes Today


Score Distribution

Your Account Isn't Verified!

In order to create a playlist on Sporcle, you need to verify the email address you used during registration. Go to your Sporcle Settings to finish the process.

Report this User

Report this user for behavior that violates our Community Guidelines.

Details: